00938nam a22002777a 4500999001500000001000500015003000900020005001700029008004100046020001500087040002800102082002200130100001700152245007900169250001200248260004700260300003900307504005100346505005200397650002000449650001100469650002300480700002100503942001200524952012400536 c5764d57646325BD-DhUAP20201221101657.0201222r19902002ii a b 001 0 eng  a8123900392 aDLCcDLCdBD-DhUAPbeng00a624.15136 SIN2231 aSingh, Alam.10aSoil engineering in theory and practice /cAlam Singh and G. R. Chowdhary. a2nd ed. aNew Delhi :bCBS,cc1990 [Reprinted 2002]. avolumes :billustrations ;c25 cm. aIncludes bibliographical references and index.1 aV. 2- Geotechnical testing and instrumentation. 0aSoil mechanics. 0aSoils. 0aCivil engineering. aChowdhary, G. R. 2ddccBK 00102ddc4070aUAPCLbUAPCLcGeneral Stacksd2020-12-21o624.15136 SIN V-2p3010006325r2020-12-21t1w2020-12-21yBK